| 000 | 00578nam a2200205 i 4500 | ||
|---|---|---|---|
| 001 | 78870 | ||
| 003 | ES-MaACL | ||
| 005 | 20230906173835.0 | ||
| 007 | t| | ||
| 008 | 041018s1958 sp a |||| | spa d | ||
| 100 | 1 |
_aHayten, Peter J. _962217 |
|
| 245 | 1 | 3 |
_aEl color en la industria / _cPeter J. Hayten. |
| 260 |
_aBarcelona : _bL.E.D.A., _c[1958] ( _fDelriu) |
||
| 300 |
_a94 p., 3 lám. : _bil. ; _c24 cm. |
||
| 490 | 1 |
_aColor en todo ; _v1 |
|
| 650 | 4 |
_aColor. _911153 |
|
| 830 | 0 |
_aColor en todo ; _v1 _9183613 |
|
| 852 |
_aES-MaACL _jC-14163 |
||
| 999 |
_c78870 _d78870 |
||